Statistics for Alliterative Countries and Capitals

Click here to take the quiz!

General Stats

  • This quiz has been taken 27 times
  • The average score is 3 of 6

Answer Stats

Answer% Correct
South Sudan
74%
San Salvador
70%
Addis Ababa
52%
Trinidad and Tobago
52%
Phnom Penh
35%
Port-au-Prince
30%

Score Distribution

Percentile by Number Answered

Percent of People with Each Score

Your Score History

You have not taken this quiz